| 000 | 00888nam a22002417a 4500 | ||
|---|---|---|---|
| 005 | 2010080205235.0 | ||
| 010 | _aENG-97729 | ||
| 020 |
_a9788121512039 _c995.00 |
||
| 035 | _aEN-81262 | ||
| 037 | _bDBAD/PUB | ||
| 082 | _a254.3563 | ||
| 100 |
_aSilk, Jonathan A. _94598 |
||
| 245 |
_aRiven by lust ; _cby Jonathan A. Silk _bincest and schism in Indian buddhist legend and historiography / |
||
| 260 |
_aNew Delhi _c2009 _bMunshiram Manoharlal Publishers |
||
| 270 |
_aPO Box 5715, 54 Rani Jhansi Road _bNew Delhi _e110055 |
||
| 300 |
_axviii, 347 p. _c26cm (Hb) |
||
| 500 | _aIncludes index | ||
| 650 |
_aBudhist literature _94599 |
||
| 650 |
_aBuddhism _zIndia _94600 |
||
| 700 | _94162 | ||
| 942 |
_2ddc _cEN _h254.3563 _mSIL |
||
| 999 |
_c38804 _d38804 |
||